State Name Split-Up #2 - Statistics

General Stats
  • This quiz has been taken 15 times
  • The average score is 13 of 16
Answer Stats
Hint Answer % Correct
State #4 Knotted fabric for catching or holding things Net
100%
State #3 Elsa's sister in the movie "Frozen" Anna
93%
State #4 What some people eat ice cream in Cone
93%
State #4 US STATE COMBINATION Connecticut
93%
State #3 The antonym for the word difficult Easy
93%
State #3 US STATE COMBINATION Louisiana
93%
State #2 Slang way of declining something Nah
93%
State #3 The word for bathroom in the UK Loo
86%
State #2 Color similar to caucasian skin tone Tan
86%
State #2 US STATE COMBINATION Montana
79%
State #4 What you need to see a movie at a theater Ticket
79%
State #1 Slang way of confirming something Yeah
79%
State #1 3rd most populous city in Colombia Cali
71%
State #1 US STATE COMBINATION California
71%
State #2 Four letter prefix for "one" Mono
71%
State #1 From a different place Foreign
64%
No matching quizzes found
Score Distribution
Percent of People with Each Score
Percentile by Number Answered
Your Score History
You have not taken this quiz